Psychoanalysis as a Human Science Beyond Foundationalism (Record no. 13046)
[ view plain ]
| 000 -LEADER | |
|---|---|
| fixed length control field | 00579nam a2200217 a 4500 |
| 020 ## - INTERNATIONAL STANDARD BOOK NUMBER | |
| ISBN | 8170366 |
| 082 00 - DEWEY DECIMAL CLASSIFICATION NUMBER | |
| Classification number | 150 |
| Author Cutter | DAV |
| 100 ## - MAIN ENTRY--AUTHOR NAME | |
| Author name | Davar, Bhargavi |
| 245 ## - TITLE STATEMENT | |
| Title | Psychoanalysis as a Human Science Beyond Foundationalism |
| 260 ## - PUBLICATION, DISTRIBUTION, ETC. (IMPRINT) | |
| Place of publication | New Delhi |
| Name of publisher | Sage Publications |
| Year of publication | 1995 |
| 300 ## - PHYSICAL DESCRIPTION | |
| Number of Pages | 210p |
| 500 ## - GENERAL NOTE | |
| General note | includes index and biblioraphy |
| 505 2# - FORMATTED CONTENTS NOTE | |
| Formatted contents note | Appendix, Bibliography, Index |
| 942 ## - ADDED ENTRY ELEMENTS (KOHA) | |
| Koha item type | Books |
| Collection code | Home library | Current library | Date acquired | Cost, normal purchase price | Full call number | Accession Number | Koha item type |
|---|---|---|---|---|---|---|---|
| Henry Martyn Institute Library | Henry Martyn Institute Library | 01/25/2008 | 145.00 | 150 DAV | 016112 | Books |
